000 01842nam0a22003131 4500
001 rc\911346
005 20260406041727.0
035 _a(NLR Aleph) 006086040
090 _a5124470
_c5124470
100 _a20041129d1984 |||y0rusy50 ca
101 0 _arus
102 _aRU
105 _ay |||||||||
200 1 _aОдноактные пьесы
_e[Сборник]
_f[Сост. А.П. Свободин]
210 _aМ.
_cСов. Россия
_d1984
215 _a96 с.
_d20
225 1 _aБиблиотечка "В помощь художественной самодеятельности"
_v№ 24
327 1 _aСодерж.: Живая долина: Маленькая пьеса о фронтовой подруге / В. Сидоренко. Цыганское колечко / А. Овсепян. Девочки / О. Михайлова. Подари мне океан... / Г. Кунцев. Люблю Рябинина / С. Давыдов
464 0 _12001#$aЖивая долина
_1700#1$aСидоренко$bВ.
_tЖивая долина
_aСидоренко, В.
464 0 _12001#$aЦыганское колечко
_1700#1$aОвсепян$bА.
_tЦыганское колечко
_aОвсепян, А.
464 0 _12001#$aДевочки
_1700#1$aМихайлова$bО.
_tДевочки
_aМихайлова, О.
464 0 _12001#$aПодари мне океан...
_1700#1$aКунцев$bГ.
_tПодари мне океан...
_aКунцев, Г.
464 0 _12001#$aЛюблю Рябинина
_1700#1$aДавыдов$bС.
_tЛюблю Рябинина
_aДавыдов, С.
702 1 _4070
_8rus
_7ca
_aСвободин
_bА. П.
_f1922-1999
_gАлександр Петрович
_3RU\NLR\AUTH\772086
_9112103
801 0 _aRU
_bNLR
_gpsbo
801 1 _aRU
_bELAR
_2rusmarc
852 _aNLR
_j85-4/13408
942 _cBOOK
980 _aNB